000 00724nam a2200229Ia 4500
999 _c45138
_d45138
001 11961
003 GE_BSU
005 20221121150831.0
008 181216s2006en xx |||||||||||||| ||eng||
020 _a9780723251750x
040 _cGE_BSU
041 _aeng
080 _a581.6 R-79
100 _aRose,Francis
_915971
245 4 _aThe Wild Flower Key: How to Identify Wild Plants, Trees and Shrubs in Britain and Ireland /
_cFrancis Rose.
264 _aUnited States,New York :
_bFrancis Rose,
_c2006.
300 _a576 p.:
_bill;
_c19cm.
653 _aEarth Sciences
653 _aReference Works,Plant Life: General
653 _aდედამიწის მეცნიერებები
942 _cBK
_2udc